| 000 | 004950000a22001930004500 | ||
|---|---|---|---|
| 999 |
_c47382 _d47382 |
||
| 001 | 124 | ||
| 003 | CO-MdFUSB | ||
| 005 | 20171006152938.0 | ||
| 008 | 171006b xxu||||| |||| 00| 0 eng d | ||
| 020 | _a0-8254-1170-X | ||
| 040 | _cCO-MdBIC | ||
| 082 | 0 | 4 | _a270 P83gm |
| 100 | 1 | _aDowley, Tim | |
| 245 | 1 | 0 | _aGuia Portavoz del mundo de la Biblia / Tim Dowley, traduccĂon : Santiago Scuain |
| 260 | _aMichigan : Portavoz | ||
| 300 | _a32 P. | ||
| 650 | 1 | 4 | _aLiteratura Infantil |
| 942 | _cLGB | ||